00731 2200265 4500001002100000005001700021008004100038020002200079035002400101040001200125041000800137082001600145084001600161090002000177100003200197245006100229250001100290260003300301300004200334500001100376504002500387650001900412850001200431990002200443INLIS00000000003328120180228095127.0  a978-602-401-691-3 0010-021800000000006 aYOPDYOG0 aind042[23]a512.5 a512.5 Yoh B aDEP 512.5 Yoh B0 aYOHANIS NDAPA DEDAd, 1987-0 aBuku ajar pengantar aljabar linierc/ Yohanis Ndapa Deda aCet. 1 aYogyakartabDeepublishc2016 avi, 72 hlm.b: ilus., lamp.c; 24 cm. aIndeks aBibliografi: hlm. 56 4aAljabar linier aYOPDYOG aCB-D.11/2016-2561